... obhajoby procesních projektů : sborník mikrokonference

Korporativní autor: Vysoká škola chemicko-technologická v Praze. Ústav chemického inženýrství
Jazyk: Čeština
Angličtina
Vydáno: Praha : Vysoká škola chemicko-technologická v Praze, Ústav chemického inženýrství, [2020]-
Témata:
Fyzický popis: ^^^svazků : ilustrace (převážně barevné) ; 25 cm
Odebírané svazky: 15(2020)-21(2026)-
Language note: Částečně anglický text
Noviny a časopisy
Uloženo v:
LEADER 03055nas a2200625 i 4500
001 nkc20213314254
003 CZ PrNK
005 20260324133939.0
007 ta
008 210325c20209999xr ar 1 b0cze
015 |a cnb003314254  |z cnb003177485 
035 |a (OCoLC)1199989383 
035 |a (OCoLC)1250249319 
040 |a ABA001  |b cze  |d BOA001  |e rda 
041 0 |a cze  |a eng 
072 7 |a 66  |x Chemický průmysl. Chemická technologie  |2 Konspekt  |9 19 
080 |a 66.02/.09  |2 MRF 
080 |a (062.534)  |2 MRF 
245 0 0 |a ... obhajoby procesních projektů :  |b sborník mikrokonference 
246 3 |a Procesní projekt 
246 3 0 |a Sborník mikrokonference ... obhajoby procesních projektů 
264 1 |a Praha :  |b Vysoká škola chemicko-technologická v Praze, Ústav chemického inženýrství,  |c [2020]- 
300 |a ^^^svazků :  |b ilustrace (převážně barevné) ;  |c 25 cm 
310 |a 1x ročně 
336 |a text  |b txt  |2 rdacontent 
337 |a bez média  |b n  |2 rdamedia 
338 |a svazek  |b nc  |2 rdacarrier 
362 0 |a XV- 
500 |a Součástí názvu je označení pořadí 
500 |a Jednotlivé svazky mají ISBN 
541 |c pv-r 
546 |a Částečně anglický text 
650 0 7 |a procesní inženýrství  |7 ph260627  |2 czenas 
650 0 9 |a process engineering  |2 eczenas 
655 7 |a sborníky konferencí  |7 fd133333  |2 czenas 
655 9 |a proceedings of conferences  |2 eczenas 
710 2 |a Vysoká škola chemicko-technologická v Praze.  |b Ústav chemického inženýrství  |7 kn20050506001  |4 orm  |4 pbl 
902 |a 978-80-7592-060-7  |q (XV, 2020 ;  |q brožováno) 
902 |a 978-80-7592-084-3  |q (XVI, 2021 ;  |q v knize neuvedeno ;  |q brožováno)  |z 987-80-7592-084-3 
902 |a 978-80-7592-116-1  |q (XVII, 2022 ;  |q brožováno) 
902 |a 978-80-7592-159-8  |q (XVIII, 2023 ;  |q brožováno) 
902 |a 978-80-7592-240-3  |q (XIX, 2024 ;  |q brožováno) 
902 |a 978-80-7592-278-6  |q (XX, 2025 ;  |q brožováno) 
902 |a 978-80-7592-323-3  |q (XXI, 2026 ;  |q brožováno) 
910 2 |a BOA001  |b 2-1445.489  |s 15(2020)-21(2026)- 
990 |a SE 
995 |a 01 
991 |b 202005 
996 6 |b 2610817642  |c 2-1445.489  |d 2020 15  |v 15  |y 2020  |l MZK  |r Sklad / do 1 hodiny  |n 0  |p p.v.  |w 001786733  |u 000010  |a 1  |e BOA001  |j MZK50  |s P 
996 6 |b 2610873736  |c 2-1445.489  |d 2021 16  |v 16  |y 2021  |l MZK  |r Sklad / do 1 hodiny  |n 0  |p p.v.  |w 001786733  |u 000020  |a 1  |e BOA001  |j MZK50  |s P 
996 6 |b 2610894169  |c 2-1445.489  |d 2022 17  |v 17  |y 2022  |l MZK  |r Sklad / do 1 hodiny  |n 0  |p p.v.  |w 001786733  |u 000030  |a 1  |e BOA001  |j MZK50  |s P 
996 6 |b 2610935408  |c 2-1445.489  |d 2023 18  |v 18  |y 2023  |l MZK  |r Sklad / do 1 hodiny  |n 0  |p p.v.  |w 001786733  |u 000040  |a 1  |e BOA001  |j MZK50  |s P 
996 6 |b 2610963387  |c 2-1445.489  |d 2024 19  |v 19  |y 2024  |l MZK  |r Sklad / do 1 hodiny  |n 0  |p p.v.  |w 001786733  |u 000050  |a 1  |e BOA001  |j MZK50  |s P 
996 6 |b 2610990957  |c 2-1445.489  |d 2025 20  |v 20  |y 2025  |l MZK  |r Sklad / do 1 hodiny  |n 0  |p p.v.  |w 001786733  |u 000060  |a 1  |e BOA001  |j MZK50  |s P 
996 6 |b 2611026338  |c 2-1445.489  |d 2026 21  |v 21  |y 2026  |l MZK  |r Sklad / do 1 hodiny  |n 0  |p p.v.  |w 001786733  |u 000070  |a 1  |e BOA001  |j MZK50  |s P